000 00608nam a2200193Ia 4500
005 20250508164817.0
008 008 250505s9999 xx 000 0 hin d
037 _aTheses
040 _aFEDL
_beng
_cFEDL
041 _ahin
_2eng
084 _a707, SAT/TH
_qFEDL
100 _aSathish Kumar
_9779196
245 0 _aRangmanch ek sheshik sanstha ke rup me: Ek vishleshnatmak addhyayan (Theatre as an educational institution: An analytical study)
260 _c2008
300 _a215p.
546 _aPh. D. Thesis (Delhi University)
942 _cTH
_h707, SAT/TH
999 _c1391328
_d1391328